Alle Mannschaften der deutschen Profiligen 25/26 - Statistiken

Allgemein
  • Dieses Quiz wurde 224 mal gespielt
  • Das Durchschnittsergebnis liegt bei 48 aus 56
Antwortstatistiken
Verein % Korrekt
Borussia Dortmund
98%
Eintracht Frankfurt
98%
1. FC Kaiserslautern
97%
Bayer 04 Leverkusen
97%
FC St. Pauli
97%
1. FC Heidenheim
96%
1. FC Union Berlin
96%
FC Augsburg
96%
FC Bayern München
96%
Hamburger SV
96%
VfB Stuttgart
96%
FC Schalke 04
95%
Hertha BSC
95%
SC Freiburg
95%
TSG 1899 Hoffenheim
95%
Dynamo Dresden
94%
RB Leipzig
94%
1. FC Köln
93%
Arminia Bielefeld
93%
SV Holstein Kiel
93%
VfL Bochum
93%
VfL Wolfsburg
93%
1. FC Nürnberg
92%
Borussia Mönchengladbach
92%
SV Werder Bremen
92%
1. FSV Mainz 05
91%
SV Darmstadt 98
91%
SpVgg Greuther Fürth
90%
Eintracht Braunschweig
89%
Hannover 96
88%
1. FC Saarbrücken
86%
Fortuna Düsseldorf
86%
Rot-Weiss Essen
86%
SV Elversberg
86%
Alemmania Aachen
84%
FC Hansa Rostock
84%
MSV Duisburg
84%
Preußen Münster
84%
SC Paderborn 07
84%
SSV Ulm 1846 Fußball
84%
Karlsruher SC
83%
TSV 1860 München
83%
1. FC Magdeburg
82%
FC Energie Cottbus
80%
FC Ingolstadt 04
78%
SV Waldhof Mannheim
75%
SSV Jahn Regensburg
74%
SV Wehen Wiesbaden
73%
Vfl Osnabrück
73%
FC Erzgebirge Aue
72%
FC Viktoria Köln
69%
SC Verl
69%
1. FC Schweinfurt
66%
TSG 1899 Hoffenheim II
60%
VfB Stuttgart II
58%
TSV Havelse
56%
Keine übereinstimmenden Quizze gefunden
Verteilung der Resultate
Anzahl Personen mit jedem Resultat
Perzentil nach korrekt beantworteten Fragen
Ihre Resultats-Entwicklung
Sie haben dieses Quiz noch nicht gespielt